<?xml version="1.0" encoding="UTF-8"?>
<record
    xmlns:xsi="http://www.w3.org/2001/XMLSchema-instance"
    xsi:schemaLocation="http://www.loc.gov/MARC21/slim http://www.loc.gov/standards/marcxml/schema/MARC21slim.xsd"
    xmlns="http://www.loc.gov/MARC21/slim">

  <leader>00835nam a22002057a 4500</leader>
  <datafield tag="952" ind1=" " ind2=" ">
    <subfield code="0">0</subfield>
    <subfield code="1">0</subfield>
    <subfield code="2">ddc</subfield>
    <subfield code="4">0</subfield>
    <subfield code="7">0</subfield>
    <subfield code="8">NFIC</subfield>
    <subfield code="a">ASL</subfield>
    <subfield code="b">ASL</subfield>
    <subfield code="c">GEN</subfield>
    <subfield code="d">2020-09-15</subfield>
    <subfield code="e">Donated by Professor Husniara Huq</subfield>
    <subfield code="l">0</subfield>
    <subfield code="o">297.1 DIQ</subfield>
    <subfield code="p">101111</subfield>
    <subfield code="r">2020-09-15 00:00:00</subfield>
    <subfield code="t">C-1</subfield>
    <subfield code="w">2020-09-15</subfield>
    <subfield code="y">BK</subfield>
  </datafield>
  <datafield tag="952" ind1=" " ind2=" ">
    <subfield code="0">0</subfield>
    <subfield code="1">0</subfield>
    <subfield code="2">ddc</subfield>
    <subfield code="4">0</subfield>
    <subfield code="7">0</subfield>
    <subfield code="8">NFIC</subfield>
    <subfield code="a">ASL</subfield>
    <subfield code="b">ASL</subfield>
    <subfield code="c">GEN</subfield>
    <subfield code="d">2022-04-20</subfield>
    <subfield code="e">ASB Library Collection</subfield>
    <subfield code="l">0</subfield>
    <subfield code="o">297.1 DIQ</subfield>
    <subfield code="p">116513</subfield>
    <subfield code="r">2022-04-20 00:00:00</subfield>
    <subfield code="t">C-2</subfield>
    <subfield code="w">2022-04-20</subfield>
    <subfield code="y">BK</subfield>
  </datafield>
  <datafield tag="999" ind1=" " ind2=" ">
    <subfield code="c">17970</subfield>
    <subfield code="d">17970</subfield>
  </datafield>
  <controlfield tag="003">BDDh-ASL</controlfield>
  <controlfield tag="005">20231015025650.0</controlfield>
  <controlfield tag="008">200915b1989       ||||| |||| 00| 0     d</controlfield>
  <datafield tag="040" ind1=" " ind2=" ">
    <subfield code="a">BDDh-ASL</subfield>
    <subfield code="c">BDDh-ASL</subfield>
    <subfield code="d">BDDh-ASL</subfield>
  </datafield>
  <datafield tag="041" ind1=" " ind2=" ">
    <subfield code="a">bengali </subfield>
  </datafield>
  <datafield tag="082" ind1=" " ind2=" ">
    <subfield code="a">297.1</subfield>
    <subfield code="b">DIQ</subfield>
  </datafield>
  <datafield tag="100" ind1="1" ind2=" ">
    <subfield code="a">&#x9A6;&#x9C0;&#x9A6;&#x9BE;&#x9A4;&#x9CD;, &#x986;&#x9B9;&#x9AE;&#x9C7;&#x9A6;</subfield>
    <subfield code="9">786</subfield>
  </datafield>
  <datafield tag="245" ind1=" " ind2="0">
    <subfield code="a">&#x9B8;&#x9B0;&#x9CD;&#x9AC;&#x9B6;&#x9C7;&#x9B7; &#x985;&#x9B2;&#x9CC;&#x995;&#x9BF;&#x995; &#x98F;&#x987; &#x995;&#x9C1;&#x9B0;&#x986;&#x9A8;/</subfield>
    <subfield code="c">&#x986;&#x9B9;&#x9AE;&#x9C7;&#x9A6;, &#x9A6;&#x9C0;&#x9A6;&#x9BE;&#x9A4;&#x9CD;; &#x9A4;&#x9CB;&#x9AB;&#x9BE;&#x99C;&#x9CD;&#x99C;&#x9B2; &#x9B9;&#x9CB;&#x9B8;&#x9C7;&#x9A8; (&#x985;&#x9A8;&#x9C1;.)&#x964; </subfield>
  </datafield>
  <datafield tag="246" ind1=" " ind2=" ">
    <subfield code="a">Al-Quran. </subfield>
  </datafield>
  <datafield tag="260" ind1=" " ind2=" ">
    <subfield code="a">&#x9A2;&#x9BE;&#x995;&#x9BE;: </subfield>
    <subfield code="b">&#x9B0;&#x9BE;&#x9AC;&#x9C7;&#x9AF;&#x9BC;&#x9BE; &#x996;&#x9BE;&#x9A4;&#x9C1;&#x9A8;, </subfield>
    <subfield code="c">&#x9E7;&#x9E6;&#x9EE;&#x9EF;&#x964; </subfield>
  </datafield>
  <datafield tag="300" ind1=" " ind2=" ">
    <subfield code="a">&#x9ED;&#x9EC; &#x9AA;&#x9C3;&#x9B7;&#x9CD;&#x9A0;&#x9BE;: </subfield>
    <subfield code="c">&#x9E8;&#x9E8; &#x9B8;&#x9C7;. &#x9AE;&#x9BF;.&#x964; </subfield>
  </datafield>
  <datafield tag="650" ind1=" " ind2="0">
    <subfield code="9">788</subfield>
    <subfield code="a">&#x995;&#x9C1;&#x9B0;&#x986;&#x9A8; </subfield>
    <subfield code="x">&#x987;&#x9B8;&#x9B2;&#x9BE;&#x9AE; &#x9A7;&#x9B0;&#x9CD;&#x9AE; </subfield>
  </datafield>
  <datafield tag="700" ind1=" " ind2="0">
    <subfield code="9">787</subfield>
    <subfield code="a">&#x9B9;&#x9CB;&#x9B8;&#x9C7;&#x9A8;, &#x9A4;&#x9CB;&#x9AB;&#x9BE;&#x99C;&#x9CD;&#x99C;&#x9B2; </subfield>
  </datafield>
  <datafield tag="942" ind1=" " ind2=" ">
    <subfield code="2">ddc</subfield>
    <subfield code="c">BK</subfield>
  </datafield>
</record>
